Biblioteca y Centro de Documentación

Sociedad civil y cohesión social en Iberoamérica (Registro nro. 44900)

Detalles MARC
000 -CABECERA
Longitud fija campo de control 01592nam a2200433 c 4500
001 - NÚMERO DE CONTROL
Número de control 44900
003 - IDENTIFICADOR DE NÚMERO DE CONTROL
Identificador del número de control ES-MaCES
005 - FECHA Y HORA DE LA ÚLTIMA TRANSACCIÓN
Fecha y hora de la última transacción 20240131040003.0
008 - CAMPO FIJO DE DESCRIPCIÓN FIJA--INFORMACIÓN GENERAL
Códigos de información de longitud fija   140707s2012 sp 000 | spa d
017 ## - NÚMERO DE REGISTRO DE DERECHOS DE AUTOR Y DEPÓSITO LEGAL
Número de copyright o de depósito legal NA 1050-2012
Agencia que asigna el número DL
020 ## - ISBN (INTERNATIONAL STANDARD BOOK NUMBER)
Número Internacional Normalizado para Libros (ISBN) 9788490140567
040 ## - FUENTE DE CATALOGACIÓN
Centro catalogador de origen ES-MaCES
Lengua de catalogación spa
Centro transcriptor ES-MaCES
245 00 - MENCIÓN DE TÍTULO
Título Sociedad civil y cohesión social en Iberoamérica
Resto del título : guía de instrumentos jurídicos internacionales sobre la participación de la sociedad civil y la cohesión social en Iberoamérica
Mención de responsabilidad, etc. Cástor Migule Díaz Barrado, Juan Manuel Rodríguez Barrigón (dirs.)
250 ## - MENCIÓN DE EDICIÓN
Mención de edición 1ª ed
260 ## - PUBLICACIÓN, DISTRIBUCIÓN, ETC (PIE DE IMPRENTA)
Lugar de publicación, distribución, etc. Cizur Menor (Navarra)
Nombre del editor, distribuidor, etc. Aranzadi-Thomson Reuters
Fecha de publicación, distribución, etc. 2012
300 ## - DESCRIPCIÓN FÍSICA
Extensión 247 p.
Dimensiones 23 cm
Material anejo 1 CD-ROM
490 1# - MENCIÓN DE SERIE
Mención de serie Estudios
500 ## - NOTA GENERAL
Nota general Publ. simultáneamente en CD-ROM
504 ## - NOTA DE BIBLIOGRAFÍA, ETC.
Nota de bibliografía, etc. Bibliografía
541 ## - NOTA DE LA FUENTE INMEDIANTE DE ADQUISICIÓN
Forma de adquisición Compra
650 #4 - ASIENTO SECUNDARIO DE MATERIA--TÉRMINO DE MATERIA
Término de materia o nombre geográfico como elemento inicial sociedad
9 (RLIN) 27269
650 #4 - ASIENTO SECUNDARIO DE MATERIA--TÉRMINO DE MATERIA
Término de materia o nombre geográfico como elemento inicial cohesión social
9 (RLIN) 30743
650 #4 - ASIENTO SECUNDARIO DE MATERIA--TÉRMINO DE MATERIA
Término de materia o nombre geográfico como elemento inicial participación social
9 (RLIN) 27284
650 #4 - ASIENTO SECUNDARIO DE MATERIA--TÉRMINO DE MATERIA
Término de materia o nombre geográfico como elemento inicial participación popular
9 (RLIN) 29756
650 #4 - ASIENTO SECUNDARIO DE MATERIA--TÉRMINO DE MATERIA
Término de materia o nombre geográfico como elemento inicial cooperación regional
9 (RLIN) 26636
650 #4 - ASIENTO SECUNDARIO DE MATERIA--TÉRMINO DE MATERIA
Término de materia o nombre geográfico como elemento inicial organización regional
9 (RLIN) 26703
650 #4 - ASIENTO SECUNDARIO DE MATERIA--TÉRMINO DE MATERIA
Término de materia o nombre geográfico como elemento inicial desarrollo regional
9 (RLIN) 29186
650 #4 - ASIENTO SECUNDARIO DE MATERIA--TÉRMINO DE MATERIA
Término de materia o nombre geográfico como elemento inicial derecho internacional
9 (RLIN) 26684
650 #4 - ASIENTO SECUNDARIO DE MATERIA--TÉRMINO DE MATERIA
Término de materia o nombre geográfico como elemento inicial América Latina
9 (RLIN) 26882
650 #4 - ASIENTO SECUNDARIO DE MATERIA--TÉRMINO DE MATERIA
Término de materia o nombre geográfico como elemento inicial guía
9 (RLIN) 29262
650 #4 - ASIENTO SECUNDARIO DE MATERIA--TÉRMINO DE MATERIA
Término de materia o nombre geográfico como elemento inicial CD ROM
9 (RLIN) 30331
653 10 - TÉRMINO DE INDEXACIÓN--NO CONTROLADO
Término no controlado Desarrollo regional
650 #4 - ASIENTO SECUNDARIO DE MATERIA--TÉRMINO DE MATERIA
9 (RLIN) 29234
Término de materia o nombre geográfico como elemento inicial desarrollo económico y social
700 1# - ENCABEZAMIENTO SECUNDARIO--NOMBRE PERSONAL
9 (RLIN) 10663
Nombre de persona Díaz Barrado, Cástor Miguel
Término indicativo de función dir.
700 1# - ENCABEZAMIENTO SECUNDARIO--NOMBRE PERSONAL
9 (RLIN) 35085
Nombre de persona Rodríguez Barrigón, Juan Manuel
Término indicativo de función dir.
830 #0 - ENCABEZAMIENTO SECUNDARIO DE COLECCIÓN--TÍTULO UNIFORME
Título uniforme Estudios (Thomson Reuters-Aranzadi)
Designación de volumen o secuencia 45
9 (RLIN) 34937
902 ## - CES. TIPO DE DOCUMENTO
Tipodoc (006$c Sirtex) LIB Libro
942 ## - ELEMENTOS KOHA
Fuente de clasificaión o esquema Clasificación propia del CES
Koha [por defecto] tipo de item Monografías
Parte de clasificación Desarrollo Regional
Existencias
Número de registro Signatura completa Tipo de item de Koha
084623 SG-1.1.-53 Monografías
084624 SR-CD-1108 Monografías
© CES, Consejo Económico y Social de España 2021